00731nam a2200205 i 4500001000700000003000900007005001700016008004100033100004100074245008100115250002000196260004800216300002800264490004400292505005500336546005100391700002200442830004100464852002000505170779ES-MaACL20250808062742.0090406s1953 sp |||| | spa d0 aAgustín cSanto, Obispo de Hipona.10aObras de San Agustín. nT. XI / cedición preparada por Lope Cilleruelo. aEd. bilingüe. aMadrid : bLa Editorial Católica, c1953. aVII, 1100 p. ; c20 cm.1 aBiblioteca de autores cristianos ; v998 aContiene: Cartas (2º) (Complemento del tomo VIII) aTexto en latín y traducción en castellano.0 aCilleruelo, Lope.00aBiblioteca de autores cristianosv99 aES-MaACLjJ-97